01323ngm a2200337 4500003000400000005001700004007000400021008004000025010003700065024004100102035001900143035002000162040001300182082001500195245007800210260003900288300006300327440004000390500007700430500007400507500006900581538008100650538012500731650001900856700002100875700001800896700001600914700001900930700002000949700001600969dpl20080723110517.0DVD||||||sp199 xxu|||||c|||| 00| 0 eng d aDVD-000384-386 & DVD-005451-5455 a1919c499.00, 299.00 (Revised Price) aDVD-000381-383 aDVD-005451-5455 aDPLcDPL aDVD / OMEN aOmen IV:c20th Century Fox Presentsh[videorecording] DVD/bThe Awakening b20th Century Fox Homeentertainment a1 videodisc DVD; (108 min.) :bsd., col. ;c4 3/4 in.fDVD a20th Centyry Fox Home Entertainment aSole Distributor in India M/s. Excel Productions Autio Visuals Pvt. Ltd. aDamien thorn is dead, but his prophecy is reborn the terror continues aSpecial Features: Theatrical Trailer, Technical Speciffications aDolby Digital 5.1-English Subtitles: English, Cantonese,Koren,Mandarin, Thai aAspect Ratio: 2.35:1, Presentation type: Wide Scene, Presentation Size 16x9, Format DVD 9 Dual Layer Single Sided Disc. aMotion Picture aBernhard, Harvey aNaufeld, Mace aGrant, Faye aWoods, Michael aLerner, Michael aViera, Asia